The art of koi keeping : a computer quide
| Main Author: | |
|---|---|
| Format: | Book |
| Published: |
London :
Blandford Book ,
1993
|
| Subjects: |
MARC
| LEADER | 00000cam a2200000 7i4500 | ||
|---|---|---|---|
| 001 | 0000004959 | ||
| 002 | 000005346 | ||
| 005 | 20090109.0 | ||
| 020 | |a 0713723874 | ||
| 090 | 0 | 0 | |a 639.3752 |b COL |
| 100 | 1 | |a Cole, Peter | |
| 245 | 1 | 4 | |a The art of koi keeping : |b a computer quide |c by Peter Cole |
| 260 | |a London : |b Blandford Book , |c 1993 | ||
| 300 | |a 126p. ; |c 21cm. | ||
| 650 | 0 | 0 | |a Koi (Goldfish) |
| 999 | |a 033141 |b BUKU |c PINJAMAN |e PERPUSTAKAAN KOMUNITI PETALING JAYA | ||
| 999 | |a 033142 |b BUKU |c PINJAMAN |e PERPUSTAKAAN KOMUNITI PETALING JAYA | ||